Tres cazadores en Siberia / (Registro nro. 12561)

Detalles MARC
000 -LIDER
fixed length control field 00870nam a22002891 4500
001 - NÚMERO DE CONTROL
Identificador de número de control bimo0001554870
003 - IDENTIFICACDOR DE NÚMERO DE CONTROL
control field DO-SdBNP
005 - DATE AND TIME OF LATEST TRANSACTION
control field 20180122131654.0
008 - ELEMENTOS DE LONGITUD FIJA
fixed length control field 000401s1969 sp spa
016 7# - NO. DE CONTROL DE LA AGENCIA BIB. NACIONAL
Record control number
Canceled/invalid record control number
Source BPMSU
017 ## - NÚMERO DE REGISTRO DE DERECHOS DE AUTOR
Copyright or legal deposit number
Assigning agency
035 ## - NÚMERO LOCAL
System control number
040 ## - FUENTE DE CATALOGACIÓN
Agencia que crea de manera original el registro BPMSU
Idioma de catalogación spa
Agencia que realiza la transcripción BPMSU
080 #0 - NÚMERO DE CLASIFICACIÓN DECIMAL UNIVERSAL
Universal Decimal Classification number
100 1# - ASIENTO PRINCIPAL -- NOMBRE PERSONAL
Nombre personal Velter, Joseph M.
240 ## - TITULO UNIFORME
Título uniforme Rote Wolfe, Weisse Tiger
Idioma de una obra Español
245 10 - MENCIÓN DE TITULO
Título Tres cazadores en Siberia /
Medio (Designación general de material)
Mención de responsabilidad Joseph Velter ; traducción, Jesús Ruiz ; ilustraciones Heinz Stieger
260 ## - PUBLICACIÓN, DISTRIBUCIÓN, ETC. (PIE DE IMPRENTA)
Lugar de publicación, distribución, etc Barcelona
Nombre del editor, distribuidor, etc. Noguer
Fecha de publicación, distribución, etc [1969]
300 ## - DESCRIPCIÓN FÍSICA
Extensión 165 p. ;
Otros detalles físicos
Dimensiones 22 cm
490 0# - MENCIÓN DE SERIES
Mención de serie "Cuatro vientos"
Volume/sequential designation 11
700 1# - ASIENTO SECUNDARIO -- NOMBRE PERSONAL
Nombre personal Ruiz, Jesús
Forma completa del nombre Ruiz Ruiz
Mención de responsabilidad tr.
700 1# - ASIENTO SECUNDARIO -- NOMBRE PERSONAL
Nombre personal Stieger, Heinz
Mención de responsabilidad ils.
830 ## - ASIENTO SECUNDARIO DE SERIE--TÍTULO UNIFORME
Título uniforme "Cuatro vientos"
Volume number/sequential designation 8
942 ## - ADDED ENTRY ELEMENTS (KOHA)
Source of classification or shelving scheme Dewey Decimal Classification
Koha item type Libros
945 ## - INFORMACIÓN DE PROCESAMIENTO LOCAL
Información de procesamiento local Inventariado extranjero / 2018 VM
956 ## - LOCAL ELECTRONIC LOCATION AND ACCESS (OCLC)
Nombre de host VMATEO
Número de acceso 10
Información de compresión 20170224
Trayectoria BPMSU
Nombre Electrónico 0069
Existencias
Withdrawn status Lost status Source of classification or shelving scheme Damaged status Not for loan Collection code Home library Current library Date acquired Source of acquisition Total Checkouts Barcode Date last seen Price effective from Koha item type
    Dewey Decimal Classification     Colección General Biblioteca Pública Metropolitana Salomé Ureña Biblioteca Pública Metropolitana Salomé Ureña 02/24/2017   BPMSU17020057 02/24/2017 02/24/2017 Libros